[Event "OPEN A - XVII MIEDZYNARODOWY FESTIWAL SZ"]
[Site "Rewal"]
[Date "2012.??.??"]
[Round "4.9"]
[White "Klepaczka, Tomasz"]
[Black "Pietruszewski, Marcin"]
[Result "1-0"]
[WhiteElo "2199"]
[BlackElo "2121"]
[PlyCount "101"]
[EventDate "2012.??.??"]

1. e4 c6 2. d4 d5 3. Nc3 dxe4 4. Nxe4 Bf5 5. Ng3 Bg6 6. Nf3 Nd7 7. Bd3 Ngf6 8.
O-O Qc7 9. b3 e6 10. Bb2 Be7 11. c4 O-O 12. Qc2 a5 13. Rfe1 Rfd8 14. Rad1 a4
15. Bc3 axb3 16. axb3 Bf8 17. Bxg6 hxg6 18. Ra1 b5 19. Ne4 Qf4 20. Nxf6+ gxf6
21. Bd2 Qc7 22. cxb5 c5 23. dxc5 Qxc5 24. Rxa8 Rxa8 25. Qd3 Qd6 26. Qxd6 Bxd6
27. Be3 Nc5 28. Nd4 Rb8 29. Rc1 e5 30. Nf5 Nxb3 31. Nxd6 Nxc1 32. Bxc1 Kf8 33.
Ba3 Ke7 34. g3 Ke6 35. h4 f5 36. Kg2 e4 37. Kf1 f6 38. Ke2 Kd5 39. h5 gxh5 40.
Bc1 Rb6 41. Bf4 Rxd6 42. Bxd6 Kxd6 43. Ke3 Ke5 44. b6 f4+ 45. gxf4+ Kd6 46.
Kxe4 Kc6 47. Kf3 Kxb6 48. Kg3 Kc5 49. Kh4 Kd5 50. Kxh5 Ke4 51. Kg4 1-0

[Event "OPEN A - XVII MIEDZYNARODOWY FESTIWAL SZ"]
[Site "Rewal"]
[Date "2012.??.??"]
[Round "4.10"]
[White "Zakrzewski, Marek"]
[Black "Sowul, Bartosz"]
[Result "0-1"]
[WhiteElo "2121"]
[BlackElo "2196"]
[Annotator "Arbiter"]
[PlyCount "54"]
[EventDate "2012.??.??"]

1. e4 g6 2. d4 Bg7 3. Nc3 d6 4. f4 e6 5. Nf3 Ne7 6. Be3 b6 7. Qd2 Bb7 8. O-O-O
Nd7 9. Be2 Nf6 10. Bb5+ c6 11. Bd3 O-O 12. f5 exf5 13. exf5 c5 14. Bh6 c4 15.
Bxg7 Kxg7 16. Bxc4 Bxf3 17. gxf3 Nxf5 18. Bd3 Ne7 19. h4 Nh5 20. Rdg1 Nc6 21.
Ne4 d5 22. Ng3 Nxg3 23. Rxg3 Qd6 24. Rhg1 Nb4 25. h5 Nxd3+ 26. Qxd3 Rae8 27.
Kb1 $4 Qxg3 0-1

[Event "OPEN A - XVII MIEDZYNARODOWY FESTIWAL SZ"]
[Site "Rewal"]
[Date "2012.??.??"]
[Round "4.12"]
[White "Golek, Jagoda"]
[Black "Weichhold, Pawel"]
[Result "0-1"]
[WhiteElo "2061"]
[BlackElo "2365"]
[PlyCount "46"]
[EventDate "2012.??.??"]

1. e4 c5 2. Nf3 d6 3. Bb5+ Nd7 4. d4 a6 5. Bxd7+ Bxd7 6. O-O cxd4 7. Qxd4 Nf6
8. Bg5 h6 9. Bxf6 gxf6 10. Nc3 e6 11. Rad1 Be7 12. Qe3 Qc7 13. Rfe1 O-O-O 14.
a4 Kb8 15. Rd3 Qc5 16. Qd2 h5 17. Rd4 h4 18. Re3 Qh5 19. b4 f5 20. e5 d5 21.
Red3 Rdg8 22. Ne1 f6 23. Qe3 f4 0-1

[Event "OPEN A - XVII MIEDZYNARODOWY FESTIWAL SZ"]
[Site "Rewal"]
[Date "2012.??.24"]
[Round "4.13"]
[White "Kasparova, Tatiana"]
[Black "Musialkiewicz, Jan"]
[Result "1/2-1/2"]
[WhiteElo "2109"]
[BlackElo "2231"]
[PlyCount "115"]
[EventDate "2012.??.??"]

1. e4 c5 2. Nf3 d6 3. d4 cxd4 4. Nxd4 Nf6 5. f3 e5 6. Nb3 Be6 7. c4 a5 8. Be3
a4 9. N3d2 Qa5 10. Nc3 Be7 11. Rc1 O-O 12. Be2 Bd8 13. O-O Bb6 14. Bf2 Rc8 15.
Ndb1 Nc6 16. Nb5 Ne8 17. N1c3 Na7 18. Nxa7 Bxa7 19. Nb5 Bc5 20. Qe1 Bb4 21. Qd1
Bc5 22. Qe1 Bxf2+ 23. Qxf2 Qb4 24. a3 Qb3 25. Rc3 Qxb2 26. Rfc1 Ra5 27. Qe1 b6
28. R1c2 Qxc2 29. Rxc2 Rxb5 30. Rc3 Rbc5 31. Qh4 b5 32. f4 exf4 33. Qxf4 Bxc4
34. Bg4 R8c7 35. h4 Be6 36. Re3 Bxg4 37. Qxg4 Re7 38. Qd1 Rce5 39. Qd3 f5 40.
Kh2 h6 41. Qd4 Kh8 42. Qd3 Rxe4 43. Rxe4 fxe4 44. Qxb5 e3 45. Qe2 Nf6 46. Kg1
Nh5 47. Qf3 Nf6 48. Kf1 d5 49. g4 Kg8 50. Qf5 d4 51. g5 Ne4 52. Qd5+ Kf8 53.
Qd8+ Re8 54. Qxd4 hxg5 55. Qxe3 gxh4 56. Qf4+ Nf6 57. Qb4+ Kf7 58. Qxa4 1/2-1/2

[Event "OPEN A - XVII MIEDZYNARODOWY FESTIWAL SZ"]
[Site "Rewal"]
[Date "2012.??.??"]
[Round "4.14"]
[White "Kamieniecki, Tomasz"]
[Black "Scibior, Adam"]
[Result "0-1"]
[WhiteElo "1992"]
[BlackElo "2202"]
[PlyCount "102"]
[EventDate "2012.??.??"]

1. d4 d5 2. c4 e6 3. Nc3 c6 4. cxd5 exd5 5. Bf4 Bf5 6. e3 Qb6 7. Qd2 Nf6 8. f3
Nbd7 9. Nge2 Be7 10. Bg3 O-O 11. Nc1 c5 12. Be2 c4 13. O-O Qc6 14. Bd1 b5 15.
Bc2 Bxc2 16. Qxc2 b4 17. Nd1 Rfe8 18. Re1 Bd6 19. Bf2 Rac8 20. Ne2 Nb6 21. Ng3
g6 22. Rc1 Qb7 23. Qb1 a5 24. Rc2 Re7 25. Rce2 Rce8 26. Qc1 Na8 27. e4 dxe4 28.
Nf5 Re6 29. Nxd6 Rxd6 30. Qxc4 Nb6 31. Qc1 Rde6 32. Qf4 Qc6 33. Ne3 Nbd5 34.
Qg5 exf3 35. gxf3 Nxe3 36. Rxe3 Rxe3 37. Rxe3 Rxe3 38. Qxe3 Qd5 39. Bh4 Nd7 40.
Qe4 Qb5 41. b3 Kg7 42. d5 Qc5+ 43. Bf2 Qc1+ 44. Kg2 Qg5+ 45. Kh1 Nf6 46. Bd4
Kf8 47. Bxf6 Qxf6 48. Qe2 Qd4 49. Qe4 Qa1+ 50. Kg2 Qxa2+ 51. Kg3 Qxb3 0-1

[Event "OPEN A - XVII MIEDZYNARODOWY FESTIWAL SZ"]
[Site "Rewal"]
[Date "2012.??.??"]
[Round "4.15"]
[White "Kasperek, Joanna"]
[Black "Mitura, Vaclav"]
[Result "1/2-1/2"]
[WhiteElo "2018"]
[BlackElo "2169"]
[PlyCount "55"]
[EventDate "2012.??.??"]

1. e4 c6 2. d4 d5 3. exd5 cxd5 4. c4 Nf6 5. Nc3 g6 6. Nf3 Bg7 7. Be2 O-O 8. O-O
Nc6 9. h3 dxc4 10. Bxc4 Na5 11. Be2 Be6 12. Ne5 Rc8 13. Be3 Nc4 14. Nxc4 Bxc4
15. Bxc4 Rxc4 16. Qb3 Rc7 17. Nb5 Rd7 18. Nxa7 Nd5 19. Rac1 Qb8 20. Nb5 Rfd8
21. Kh1 h6 22. Nc3 e6 23. Rfd1 Kh7 24. Ne4 b6 25. Nc3 Ne7 26. Na4 Nd5 27. Nc3
Ne7 28. Qa4 1/2-1/2

[Event "OPEN A - XVII MIEDZYNARODOWY FESTIWAL SZ"]
[Site "Rewal"]
[Date "2012.??.??"]
[Round "4.16"]
[White "Palosz, Andrzej"]
[Black "Adamowicz, Maciej"]
[Result "0-1"]
[WhiteElo "2159"]
[BlackElo "1969"]
[PlyCount "78"]
[EventDate "2012.??.??"]

1. e4 c5 2. Nf3 g6 3. c3 d5 4. exd5 Qxd5 5. d4 Bg7 6. Be3 cxd4 7. cxd4 Nf6 8.
Nc3 Qa5 9. Bc4 O-O 10. Qb3 e6 11. O-O Nc6 12. Rac1 Qd8 13. Bb5 Na5 14. Qa3 a6
15. Be2 b6 16. Ne5 Bb7 17. Na4 b5 18. Nc5 Bd5 19. b4 Nb7 20. Bg5 Nxc5 21. dxc5
h6 22. Bh4 Qc7 23. Bxf6 Bxf6 24. Ng4 Bg5 25. Rcd1 h5 26. Ne3 Bc6 27. Rd6 Ra7
28. f4 Be7 29. Rd2 a5 30. g4 axb4 31. Qc1 Ra3 32. Bd3 Bb7 33. c6 Rc3 34. Qb2
Qxc6 35. Ng2 Bc5+ 36. Kh1 hxg4 37. Qb1 Rd8 38. Bxg6 Rxd2 39. Bxf7+ Kf8 0-1

[Event "OPEN A - XVII MIEDZYNARODOWY FESTIWAL SZ"]
[Site "Rewal"]
[Date "2012.??.??"]
[Round "4.17"]
[White "Musialkiewicz, Pawel"]
[Black "Poswiatowski, Michal"]
[Result "1-0"]
[WhiteElo "2145"]
[BlackElo "2008"]
[PlyCount "25"]
[EventDate "2012.??.??"]

1. d4 c5 2. d5 f5 3. g4 fxg4 4. e4 d6 5. h3 Nf6 6. hxg4 Bxg4 7. f3 Bd7 8. Nc3
Qa5 9. Bd2 Na6 10. Bc4 Nc7 11. a4 O-O-O 12. Nce2 Qb6 13. a5 1-0

[Event "OPEN A - XVII MIEDZYNARODOWY FESTIWAL SZ"]
[Site "Rewal"]
[Date "2012.??.??"]
[Round "4.18"]
[White "Bes, Michal"]
[Black "Siedlinski, Piotr"]
[Result "1/2-1/2"]
[WhiteElo "1977"]
[BlackElo "2092"]
[PlyCount "24"]
[EventDate "2012.??.??"]

1. c4 e5 2. Nc3 Nc6 3. g3 g6 4. Bg2 Bg7 5. Nf3 d6 6. d3 f5 7. O-O Nf6 8. Bg5
O-O 9. Nd5 Ne7 10. Nxf6+ Bxf6 11. Bxf6 Rxf6 12. Nd2 c6 1/2-1/2

[Event "OPEN A - XVII MIEDZYNARODOWY FESTIWAL SZ"]
[Site "Rewal"]
[Date "2012.??.??"]
[Round "4.19"]
[White "Zochowski, Kacper"]
[Black "Swiderski, Radoslaw"]
[Result "1/2-1/2"]
[WhiteElo "2073"]
[BlackElo "1934"]
[PlyCount "94"]
[EventDate "2012.??.??"]

1. e4 c5 2. Nf3 d6 3. d4 cxd4 4. Nxd4 Nf6 5. Nc3 Nc6 6. Bg5 Bd7 7. f3 Qb6 8.
Nb3 h6 9. Bh4 a6 10. Bd3 e6 11. Bf2 Qc7 12. Na4 Be7 13. Nb6 Rd8 14. O-O O-O 15.
a4 Nb4 16. a5 Bc6 17. Qe2 e5 18. c4 Nh5 19. g3 Bd7 20. Qd2 Nxd3 21. Qxd3 Bh3
22. Rfd1 f5 23. Nd5 Qd7 24. Bb6 Rc8 25. Rac1 Bg5 26. Rc2 fxe4 27. fxe4 Bg4 28.
Rf1 Rxf1+ 29. Kxf1 Bh3+ 30. Ke1 Rf8 31. Rf2 Rxf2 32. Bxf2 Bg2 33. Nc3 Qh3 34.
Bg1 Qe6 35. Bb6 Qh3 36. Bg1 Qe6 37. Qe2 Bh3 38. Nd2 Bg4 39. Qd3 Nf6 40. Be3
Bxe3 41. Qxe3 Bh5 42. Nd5 Nxd5 43. cxd5 Qg4 44. Kf2 Qd1 45. Kg2 Kf7 46. Qd3 Ke7
47. Qe3 Kd7 1/2-1/2

[Event "OPEN A - XVII MIEDZYNARODOWY FESTIWAL SZ"]
[Site "Rewal"]
[Date "2012.??.??"]
[Round "4.20"]
[White "Koitka, Jakub"]
[Black "Paszewski, Mateusz"]
[Result "0-1"]
[WhiteElo "1973"]
[BlackElo "2066"]
[PlyCount "84"]
[EventDate "2012.??.??"]

1. d4 f5 2. e4 fxe4 3. Nc3 Nf6 4. Bg5 Nc6 5. d5 Ne5 6. Qd4 Nf7 7. h4 g6 8. Bxf6
exf6 9. h5 Bg7 10. Qxe4+ Qe7 11. Qxe7+ Kxe7 12. O-O-O a6 13. Nf3 d6 14. Bd3 f5
15. Rde1+ Ne5 16. g4 Kf7 17. Nxe5+ dxe5 18. gxf5 gxf5 19. Bc4 b5 20. Bb3 Ke7
21. h6 Bf6 22. f4 Kd6 23. fxe5+ Bxe5 24. a4 Bd7 25. axb5 axb5 26. Kd2 Rhg8 27.
Rhg1 Bd4 28. Rxg8 Rxg8 29. Nd1 Rg6 30. c3 Be5 31. Rf1 Rxh6 32. Bc2 Rh5 33. b3
Rh2+ 34. Kc1 f4 35. Be4 Bh3 36. Rg1 h5 37. Rg6+ Ke7 38. Bf3 Bf5 39. Rg5 Kf6 40.
Rxh5 Rc2+ 41. Kb1 Bg6 42. Rh6 Rh2+ 0-1

[Event "OPEN A - XVII MIEDZYNARODOWY FESTIWAL SZ"]
[Site "Rewal"]
[Date "2012.??.??"]
[Round "4.21"]
[White "Czajkowski, Adam"]
[Black "Jalowiec, Halina"]
[Result "1/2-1/2"]
[WhiteElo "1911"]
[BlackElo "2046"]
[PlyCount "23"]
[EventDate "2012.??.??"]

1. e4 e5 2. Nf3 Nc6 3. Bb5 d6 4. O-O Be7 5. d4 exd4 6. Nxd4 Bd7 7. Nc3 Nf6 8.
Be3 Ng4 9. Nxc6 Nxe3 10. Nxd8 Nxd1 11. Raxd1 Rxd8 12. Nd5 1/2-1/2

[Event "OPEN A - XVII MIEDZYNARODOWY FESTIWAL SZ"]
[Site "Rewal"]
[Date "2012.??.??"]
[Round "4.22"]
[White "Lewtak, Dominik"]
[Black "Andrzejewska, Anna"]
[Result "0-1"]
[WhiteElo "1776"]
[BlackElo "1990"]
[PlyCount "65"]
[EventDate "2012.??.??"]

1. e4 e5 2. Nf3 Nc6 3. Bb5 a6 4. Ba4 Nf6 5. O-O b5 6. Bb3 Be7 7. c3 d6 8. h3
O-O 9. d4 exd4 10. cxd4 d5 11. e5 Ne4 12. Nc3 Nxc3 13. bxc3 Na5 14. Bc2 Nc4 15.
Nh2 Be6 16. Ng4 f5 17. exf6 Bxf6 18. Re1 Bf7 19. Ne5 Qd6 20. f4 c5 21. Kh1 cxd4
22. cxd4 Be8 23. g4 Rc8 24. g5 Bxe5 25. dxe5 Qc5 26. Bd3 Qf2 27. Rf1 Qg3 28.
Rf3 Qh4 29. Kh2 Bh5 30. Be4 Bxf3 31. Bxd5+ Bxd5 32. Qxd5+ Kh8 33. Qg2 0-1

[Event "OPEN A - XVII MIEDZYNARODOWY FESTIWAL SZ"]
[Site "Rewal"]
[Date "2012.??.??"]
[Round "4.24"]
[White "Karwowski, Kacper"]
[Black "Gabrys, Sebastian"]
[Result "1-0"]
[WhiteElo "1864"]
[BlackElo "1790"]
[PlyCount "77"]
[EventDate "2012.??.??"]

1. e4 c5 2. Nf3 e6 3. d4 cxd4 4. Nxd4 Nf6 5. Nc3 Nc6 6. Ndb5 Bb4 7. a3 Bxc3+ 8.
Nxc3 d5 9. exd5 exd5 10. Bd3 d4 11. Ne2 O-O 12. O-O Bg4 13. f3 Bh5 14. Nf4 Bg6
15. Nxg6 hxg6 16. f4 Ne7 17. Bd2 Re8 18. Bb5 Nc6 19. Qf3 Qb6 20. Bd3 Rac8 21.
Qh3 Ne7 22. Rae1 Rc5 23. Re5 Qc7 24. Qf3 Nd7 25. Re4 Nf6 26. Re5 Nd7 27. Re2
Nf6 28. Bb4 Rh5 29. Rfe1 Nfd5 30. Bb5 d3 31. Bxd3 Nxb4 32. axb4 Qb6+ 33. Qf2
Qxb4 34. Re4 Qd6 35. Qxa7 f5 36. Bc4+ Kh7 37. Qd4 Qc7 38. Qe5 Qb6+ 39. R4e3 1-0

[Event "OPEN A - XVII MIEDZYNARODOWY FESTIWAL SZ"]
[Site "Rewal"]
[Date "2012.??.??"]
[Round "4.25"]
[White "Gorol, Jacek"]
[Black "Starczewska, Dominika"]
[Result "1/2-1/2"]
[WhiteElo "1757"]
[BlackElo "1971"]
[PlyCount "71"]
[EventDate "2012.??.??"]

1. c4 e5 2. Nc3 Nf6 3. g3 d5 4. cxd5 Nxd5 5. Bg2 Be6 6. Nf3 Nc6 7. O-O Be7 8.
d4 Nxc3 9. bxc3 exd4 10. Nxd4 Nxd4 11. cxd4 c6 12. e4 Bc4 13. Re1 O-O 14. a3
Qb6 15. Be3 Rfd8 16. Qh5 Qa6 17. a4 Bb4 18. Rec1 f6 19. d5 cxd5 20. exd5 Bd3
21. Qg4 Bd6 22. h4 Be5 23. Ra2 f5 24. Qb4 Rac8 25. Rxc8 Rxc8 26. Qe7 Bf6 27.
Qd7 Rd8 28. Qc7 Qc4 29. Qxc4 Bxc4 30. Rd2 b6 31. d6 Be6 32. Bc6 Kf7 33. Bf4 Bd7
34. Bd5+ Be6 35. Bc6 Bd7 36. Bd5+ 1/2-1/2

[Event "OPEN A - XVII MIEDZYNARODOWY FESTIWAL SZ"]
[Site "Rewal"]
[Date "2012.??.24"]
[Round "4.26"]
[White "Malinowski, Damian"]
[Black "Smal, Tobiasz"]
[Result "0-1"]
[WhiteElo "1827"]
[BlackElo "1843"]
[PlyCount "136"]
[EventDate "2012.??.??"]

1. c4 Nf6 2. g3 d5 3. cxd5 Nxd5 4. Bg2 c5 5. Nc3 Nc7 6. d3 Nc6 7. Nf3 e5 8. O-O
Be7 9. Be3 O-O 10. Nd2 Rb8 11. f4 exf4 12. Bxf4 Bd6 13. Bxd6 Qxd6 14. Kh1 f5
15. Nc4 Qe7 16. e4 fxe4 17. Rxf8+ Qxf8 18. Bxe4 Bf5 19. Qf1 Bxe4+ 20. dxe4 Rd8
21. Qxf8+ Kxf8 22. Rd1 Rxd1+ 23. Nxd1 Ke7 24. Kg2 b5 25. Nd2 a5 26. h3 Kd6 27.
Kf3 c4 28. Ke3 Ne6 29. a4 Kc5 30. axb5 Kxb5 31. Nc3+ Kc5 32. Na4+ Kb4 33. Nb6
Ne5 34. Nd5+ Kc5 35. Nc3 Nd3 36. b3 Nb2 37. Na2 Nd4 38. bxc4 Nxc4+ 39. Kd3 Nxd2
40. Kxd2 Kc4 41. Nc3 Kb3 42. Kd3 Nc6 43. g4 g5 44. Nb1 a4 45. Nd2+ Kb4 46. Nb1
Kc5 47. Na3 Ne5+ 48. Kc3 Ng6 49. Nc4 Nf4 50. e5 Nxh3 51. e6 Nf2 52. Nb2 a3 53.
Nd3+ Kd6 54. Nxf2 Kxe6 55. Ne4 h6 56. Kd4 a2 57. Nc5+ Kf6 58. Nb3 Kg6 59. Ke4
h5 60. gxh5+ Kxh5 61. Kf3 Kh4 62. Kg2 Kg4 63. Kf2 Kh3 64. Kg1 Kg3 65. Na1 Kf3
66. Kh2 Ke3 67. Kg3 Kd3 68. Nb3 Kc3 0-1

[Event "OPEN A - XVII MIEDZYNARODOWY FESTIWAL SZ"]
[Site "Rewal"]
[Date "2012.??.??"]
[Round "4.27"]
[White "Cyboran, Katarzyna"]
[Black "Grabarczyk, Sylwester Piotr"]
[Result "1-0"]
[WhiteElo "1773"]
[BlackElo "1743"]
[PlyCount "43"]
[EventDate "2012.??.??"]

1. e4 e5 2. Nf3 Nf6 3. Nxe5 d6 4. Nf3 Nxe4 5. d4 d5 6. Bd3 Be7 7. O-O O-O 8.
Re1 f5 9. c4 Be6 10. cxd5 Bxd5 11. Nc3 Nxc3 12. bxc3 Nc6 13. Bb2 f4 14. c4 Bf7
15. Ne5 Nxe5 16. dxe5 f3 17. Qc2 fxg2 18. e6 Bh5 19. Bxh7+ Kh8 20. Bg6 Bf3 21.
Bf7 Bd6 22. Bxg7+ 1-0

[Event "OPEN A - XVII MIEDZYNARODOWY FESTIWAL SZ"]
[Site "Rewal"]
[Date "2012.??.??"]
[Round "5.1"]
[White "Sieciechowicz, Marcin"]
[Black "Kasparov, Sergey"]
[Result "1-0"]
[WhiteElo "2441"]
[BlackElo "2490"]
[PlyCount "113"]
[EventDate "2012.??.??"]

1. d4 d5 2. c4 c6 3. Nf3 Nf6 4. Nc3 a6 5. c5 Nbd7 6. Bf4 Nh5 7. Qd2 Nxf4 8.
Qxf4 Nf6 9. Ne5 Be6 10. O-O-O g6 11. g4 Qb8 12. Qf3 Bg7 13. Rg1 O-O 14. Kb1 Nd7
15. Nxd7 Bxd7 16. e4 dxe4 17. Qxe4 Qxh2 18. Bc4 Qxf2 19. Qxe7 Be6 20. Rgf1 Qg2
21. Bxe6 fxe6 22. Qxe6+ Kh8 23. Rxf8+ Rxf8 24. Qd7 h6 25. Qxb7 Qxg4 26. Qxc6
Bxd4 27. Qe4 Qxe4+ 28. Nxe4 Be5 29. Rd5 Bf4 30. Rd7 Kg8 31. c6 Rf7 32. Nc5 g5
33. Ne6 Be5 34. Rd5 Bc7 35. Nxc7 Rxc7 36. Rd6 g4 37. Rxh6 Rg7 38. Rf6 g3 39.
Rf1 Rc7 40. Rg1 Kf7 41. Rxg3 Rxc6 42. Re3 Re6 43. Rxe6 Kxe6 44. Kc2 Kd5 45. Kb3
Kc5 46. Ka4 Kb6 47. Kb4 Kc6 48. Kc4 Kd6 49. b4 Kc6 50. a4 Kd6 51. Kd4 Kc6 52.
Ke5 Kc7 53. Kd5 Kb6 54. Kd6 a5 55. b5 Kb7 56. Kc5 Ka7 57. Kc6 1-0

[Event "OPEN A - XVII MIEDZYNARODOWY FESTIWAL SZ"]
[Site "Rewal"]
[Date "2012.??.??"]
[Round "5.2"]
[White "Lewtak, Damian"]
[Black "Cyborowski, Lukasz"]
[Result "0-1"]
[WhiteElo "2269"]
[BlackElo "2546"]
[PlyCount "68"]
[EventDate "2012.??.??"]

1. e4 c5 2. Nf3 e6 3. d4 cxd4 4. Nxd4 Nf6 5. Nc3 d6 6. g4 a6 7. Bg2 Be7 8. g5
Nfd7 9. h4 Nc6 10. Be3 Qc7 11. Qe2 Nce5 12. O-O-O Nb6 13. f4 Nec4 14. Kb1 Nxe3
15. Qxe3 Bd7 16. f5 Nc4 17. Qd3 Rc8 18. fxe6 fxe6 19. Bh3 Qb6 20. Nb3 O-O 21.
Rhf1 Ne5 22. Nd5 exd5 23. Qxd5+ Kh8 24. Bxd7 Nxd7 25. Qe6 Qd8 26. Rf5 g6 27.
Rff1 Ne5 28. Rh1 Qe8 29. Nd4 Nc6 30. Nxc6 bxc6 31. Rdf1 Rxf1+ 32. Rxf1 Bf8 33.
Qf6+ Bg7 34. Qxd6 Qxe4 0-1

[Event "OPEN A - XVII MIEDZYNARODOWY FESTIWAL SZ"]
[Site "Rewal"]
[Date "2012.??.??"]
[Round "5.3"]
[White "Sowul, Bartosz"]
[Black "Malaniuk, Vladimir P"]
[Result "0-1"]
[WhiteElo "2196"]
[BlackElo "2523"]
[PlyCount "76"]
[EventDate "2012.??.??"]

1. e4 d6 2. d4 Nf6 3. Nc3 e5 4. Nf3 Nbd7 5. Bc4 Be7 6. O-O O-O 7. Re1 c6 8. a4
exd4 9. Nxd4 Ne5 10. Bf1 Re8 11. h3 Ng6 12. g3 Bf8 13. Bg2 Bd7 14. b3 Qc8 15.
Kh2 Qc7 16. Ba3 a6 17. Qd2 b5 18. Nf5 Bxf5 19. exf5 Rxe1 20. Rxe1 Nh4 21. Qf4
Nxg2 22. Kxg2 Qb8 23. Rd1 d5 24. Qxb8 Rxb8 25. Bxf8 Kxf8 26. axb5 axb5 27. Ra1
Ke7 28. Ra7+ Nd7 29. b4 Kd6 30. Ne2 g6 31. fxg6 fxg6 32. Nd4 h5 33. f4 c5 34.
Ra6+ Nb6 35. bxc5+ Kxc5 36. c3 b4 37. Ra5+ Kc4 38. Nc6 b3 0-1

[Event "OPEN A - XVII MIEDZYNARODOWY FESTIWAL SZ"]
[Site "Rewal"]
[Date "2012.??.??"]
[Round "5.4"]
[White "Warakomski, Tomasz"]
[Black "Skawinski, Arkadiusz"]
[Result "1-0"]
[WhiteElo "2491"]
[BlackElo "2311"]
[PlyCount "67"]
[EventDate "2012.??.??"]

1. g3 d5 2. Bg2 Nf6 3. d3 e5 4. c4 dxc4 5. Qa4+ Bd7 6. Qxc4 Bc6 7. Nf3 Bd6 8.
Nc3 a6 9. O-O O-O 10. e4 b5 11. Qb3 b4 12. Nd1 Nbd7 13. Qc2 Bb5 14. Ne3 Nb6 15.
Rd1 c5 16. Nc4 Qc7 17. Nh4 Rfd8 18. Nf5 Bf8 19. Bg5 Bxc4 20. dxc4 Rxd1+ 21.
Rxd1 Ne8 22. Qd3 f6 23. Bc1 Qf7 24. Ne3 Nc7 25. Bh3 Kh8 26. f4 exf4 27. gxf4
Re8 28. Nd5 Ncxd5 29. cxd5 Bd6 30. Be6 Qc7 31. Qf3 Nd7 32. Qh5 Qd8 33. Rd3 Re7
34. Qxh7+ 1-0

[Event "OPEN A - XVII MIEDZYNARODOWY FESTIWAL SZ"]
[Site "Rewal"]
[Date "2012.??.??"]
[Round "5.5"]
[White "Klim, Kamil"]
[Black "Klepaczka, Tomasz"]
[Result "1-0"]
[WhiteElo "2357"]
[BlackElo "2199"]
[PlyCount "39"]
[EventDate "2012.??.??"]

1. d4 d6 2. Nf3 Nd7 3. c4 e5 4. Nc3 g6 5. e4 Bg7 6. Be2 Ne7 7. Be3 c6 8. Qd2
Qa5 9. Bh6 O-O 10. h4 Bxh6 11. Qxh6 f6 12. O-O-O exd4 13. Rxd4 Ne5 14. Nxe5
dxe5 15. Rd6 Qc5 16. h5 Nf5 17. exf5 Qxd6 18. hxg6 Qe7 19. c5 Be6 20. fxe6 1-0

[Event "OPEN A - XVII MIEDZYNARODOWY FESTIWAL SZ"]
[Site "Rewal"]
[Date "2012.??.??"]
[Round "5.6"]
[White "Weichhold, Pawel"]
[Black "Dowgird, Filip"]
[Result "1-0"]
[WhiteElo "2365"]
[BlackElo "2121"]
[PlyCount "71"]
[EventDate "2012.??.??"]

1. e4 e6 2. d4 d5 3. Nc3 Nc6 4. e5 f6 5. Bb5 Bd7 6. Nf3 Qe7 7. O-O Qf7 8. Re1
Nge7 9. b4 fxe5 10. Bxc6 Nxc6 11. b5 Ne7 12. Nxe5 Qf6 13. Re3 g6 14. Rf3 Qg7
15. Rf7 Qg8 16. Ba3 h5 17. Qf3 Rh7 18. Rxf8+ Qxf8 19. Qxf8+ Kxf8 20. Nxd7+ Kf7
21. Re1 Nf5 22. Ne2 g5 23. c3 Rd8 24. Nc5 Nd6 25. Bc1 Rg8 26. a4 b6 27. Nd3 Kf6
28. Nb4 c5 29. bxc6 Rc8 30. h4 gxh4 31. Nf4 Ne4 32. f3 Ng5 33. Re5 Rg8 34.
Nfxd5+ exd5 35. Nxd5+ Kf7 36. Bxg5 1-0

[Event "OPEN A - XVII MIEDZYNARODOWY FESTIWAL SZ"]
[Site "Rewal"]
[Date "2012.??.??"]
[Round "5.7"]
[White "Klekowski, Maciej"]
[Black "Musialkiewicz, Pawel"]
[Result "1-0"]
[WhiteElo "2314"]
[BlackElo "2145"]
[PlyCount "79"]
[EventDate "2012.??.??"]

1. c4 c5 2. Nc3 Nc6 3. g3 g6 4. Bg2 Bg7 5. d3 e5 6. Nf3 Nge7 7. O-O O-O 8. Ne1
d6 9. Nc2 Be6 10. Nd5 Rb8 11. Bg5 f6 12. Bd2 b5 13. b3 h6 14. f4 f5 15. Rc1 b4
16. fxe5 dxe5 17. e4 Qd6 18. Qe2 Rf7 19. Be3 Rbf8 20. Qd2 Kh7 21. a3 a5 22.
axb4 axb4 23. exf5 Nxf5 24. Ra1 Ncd4 25. Nxd4 exd4 26. Bf4 Be5 27. Bxe5 Qxe5
28. Rfe1 Qd6 29. Qf4 Rd7 30. Qxd6 Rxd6 31. Ra7+ Rd7 32. Rxd7+ Bxd7 33. Ra1 Be6
34. Nf4 Bg8 35. Be4 Kg7 36. Ra7+ Rf7 37. Ne6+ Kf6 38. Ra6 Ke7 39. Nf4 Ne3 40.
Nxg6+ 1-0

[Event "OPEN A - XVII MIEDZYNARODOWY FESTIWAL SZ"]
[Site "Rewal"]
[Date "2012.??.??"]
[Round "5.8"]
[White "Adamowicz, Maciej"]
[Black "Banasik, Krzysztof"]
[Result "1/2-1/2"]
[WhiteElo "1969"]
[BlackElo "2269"]
[PlyCount "61"]
[EventDate "2012.??.??"]

1. c4 c6 2. Nf3 Nf6 3. g3 d5 4. b3 Bf5 5. Bg2 h6 6. Bb2 e6 7. O-O Nbd7 8. d3
Bd6 9. Nbd2 Qe7 10. e4 dxe4 11. dxe4 Nxe4 12. Nh4 Nxd2 13. Nxf5 exf5 14. Qxd2
Bb4 15. Qd4 f6 16. a3 Bd6 17. Rfe1 Ne5 18. Rad1 O-O-O 19. Qxa7 Bc5 20. Rxd8+
Rxd8 21. Qa8+ Kc7 22. Qa5+ Kb8 23. Bxe5+ fxe5 24. b4 Bd4 25. b5 Qc7 26. Qa4 e4
27. bxc6 Qxc6 28. Qa5 Rf8 29. Rd1 Bb6 30. Qe5+ Qc7 31. Qe6 1/2-1/2

[Event "OPEN A - XVII MIEDZYNARODOWY FESTIWAL SZ"]
[Site "Rewal"]
[Date "2012.??.??"]
[Round "5.9"]
[White "Solnicki, Michal"]
[Black "Budrewicz, Krzysztof"]
[Result "1-0"]
[WhiteElo "2141"]
[BlackElo "2211"]
[PlyCount "67"]
[EventDate "2012.??.??"]

1. c4 Nf6 2. Nf3 g6 3. g3 Bg7 4. Bg2 O-O 5. O-O d6 6. d4 Nc6 7. Nc3 Bf5 8. d5
Na5 9. Nd4 Bd7 10. b3 c5 11. dxc6 bxc6 12. Bb2 Rb8 13. Qd3 c5 14. Nc2 Nc6 15.
f4 Qc8 16. Rfe1 Bh3 17. Bh1 Ng4 18. Rad1 Nd4 19. Nd5 Re8 20. Nxd4 cxd4 21. Bxd4
e5 22. Bxa7 Ra8 23. Bb6 Rxa2 24. Nc7 Rf8 25. Qxd6 exf4 26. Nd5 Qe8 27. gxf4
Rxe2 28. Ne7+ Qxe7 29. Qxe7 Rxe7 30. Rxe7 Rb8 31. c5 Bf8 32. Rb7 Re8 33. c6 Ne3
34. Re1 1-0

[Event "OPEN A - XVII MIEDZYNARODOWY FESTIWAL SZ"]
[Site "Rewal"]
[Date "2012.??.??"]
[Round "5.10"]
[White "Scibior, Adam"]
[Black "Guzik, Jolanta"]
[Result "1-0"]
[WhiteElo "2202"]
[BlackElo "2139"]
[PlyCount "55"]
[EventDate "2012.??.??"]

1. Nf3 d5 2. d4 c6 3. c4 e6 4. Nc3 dxc4 5. a4 Bb4 6. e3 b5 7. Bd2 a5 8. axb5
Bxc3 9. Bxc3 cxb5 10. b3 Bb7 11. bxc4 b4 12. Bb2 Nf6 13. Bd3 Ne4 14. O-O O-O
15. Nd2 Nxd2 16. Qxd2 Nd7 17. Qc2 h6 18. f4 Qc7 19. e4 Qc6 20. Qd2 Nb6 21. Rac1
Rad8 22. f5 exf5 23. Rxf5 Na4 24. Ba1 Qd7 25. c5 Nc3 26. d5 Qc7 27. Qf2 Bc8 28.
Rf3 1-0

[Event "OPEN A - XVII MIEDZYNARODOWY FESTIWAL SZ"]
[Site "Rewal"]
[Date "2012.??.??"]
[Round "5.11"]
[White "Pietruszewski, Marcin"]
[Black "Orzech, Dominik"]
[Result "0-1"]
[WhiteElo "2121"]
[BlackElo "2407"]
[PlyCount "54"]
[EventDate "2012.??.??"]

1. e4 c5 2. Nf3 d6 3. d4 cxd4 4. Nxd4 Nf6 5. Nc3 a6 6. Be3 Nbd7 7. Qd2 b5 8. f3
Bb7 9. g4 Nb6 10. a4 b4 11. Na2 e5 12. Nf5 d5 13. g5 Nfd7 14. a5 d4 15. Bf2 Na4
16. Nxb4 Qxa5 17. Nd5 Qxd2+ 18. Kxd2 Bxd5 19. exd5 Nxb2 20. Kc1 Rb8 21. Ra2 h6
22. d6 g6 23. Ne7 Rb6 24. Nd5 Rxd6 25. Nc7+ Kd8 26. Na8 hxg5 27. Kb1 Nc4 0-1

[Event "OPEN A - XVII MIEDZYNARODOWY FESTIWAL SZ"]
[Site "Rewal"]
[Date "2012.??.??"]
[Round "5.12"]
[White "Musialkiewicz, Jan"]
[Black "Zakrzewski, Marek"]
[Result "1-0"]
[WhiteElo "2231"]
[BlackElo "2121"]
[PlyCount "55"]
[EventDate "2012.??.??"]

1. d4 Nf6 2. c4 c5 3. d5 b5 4. Qc2 d6 5. e4 Qa5+ 6. Bd2 b4 7. f4 g6 8. Bd3 Bg7
9. Nf3 O-O 10. O-O Bg4 11. Ne1 Qc7 12. Be3 a5 13. Nd2 Bc8 14. h3 Nbd7 15. Nef3
Nb6 16. Rae1 e6 17. e5 Ne8 18. dxe6 fxe6 19. Ne4 d5 20. Nxc5 dxc4 21. Bxc4 Nxc4
22. Qxc4 Kh8 23. Rc1 Qe7 24. Ng5 Nc7 25. Nce4 Nd5 26. Bc5 Qb7 27. Bxf8 Bxf8 28.
Nd6 1-0